000 00649nam a2200217Ii 4500
003 JO-AjNU
008 230605s9999||||xx |||||||||||||| ||und||
017 _a2005/3/516
040 _aJO-AjNU
_bara
_erda
_cJO-AjNU
041 _aara
050 1 4 _aP121.B3742 2005
100 3 _aبرهومة,عيسى تأليف,
_eauthor
_923706
245 0 0 _aمقدمة في اللسانيات
250 _aط1
264 3 1 _aعمان:المؤلف,2005
300 _a216ص
336 _atext
_btxt
_2rdacontent
337 _aunmediated
_bn
_2rdamedia
338 _avolume
_bnc
_2rdacarrier
650 4 _aفقة اللغة-اللسانيات-اللغات
_923707
999 _aA8618
_c12186
_d12186